000 00669nam a22001817a 4500
020 _qHard Cover.
082 _a004
100 _aAhmed, Sarhan, Mohammad Mohsin Sardar, & Rashid Ali
245 _aHUMAN RESOURCE MANAGEMENT WITH LEADERSHIP PERSPECTIVE
_cSarhan Ahmed, Mohammad Mohsin Sardar, & Rashid Ali
260 _aIslamabad :
_bSEECS - NUST,
_c2006.
300 _avi, 64 p. : ill. ;
_c30cm.
563 _aHB
650 _aComputer Science Engineering-Project Report
_931419
700 _aMr. Muhammad Yousaf
_931155
856 _uhttp://10.250.8.41:8080/xmlui/handle/123456789/29649
942 _2ddc
_cPR
999 _c540416
_d540416